Supporting Creativity and Imagination in the Early Years / Second Edition (Record no. 4481)
[ view plain ]
| 000 -LEADER | |
|---|---|
| fixed length control field | 01401cam a22002054a 4500 |
| 005 - ΗΜΕΡΟΜΗΝΙΑ ΚΑΙ ΩΡΑ ΤΕΛΕΥΤΑΙΑΣ ΕΝΗΜΕΡΩΣΗΣ | |
| Πεδίο ελέγχου | 20250805102905.0 |
| 008 - FIXED-LENGTH DATA ELEMENTS--GENERAL INFORMATION | |
| Πεδίο ελέγχου σταθερού μήκους | 250528s ||||||||||||||||||||||||d |
| 035 ## - SYSTEM CONTROL NUMBER | |
| System control number | 19214 |
| 020 ## - ISBN | |
| ISBN | 335218598 |
| 040 ## - ΠΗΓΗ ΚΑΤΑΛΟΓΟΓΡΑΦΗΣΗΣ | |
| Φορέας πρωτότυπης καταλογογράφησης | MC Athens Campus Library |
| Γλώσσα καταλογογράφησης | Ελληνικά, Μοντέρνα (1453-) |
| Modifying agency | MC Athens Campus Library |
| Κανόνες περιγραφικής καταλογογράφησης | AACR2 |
| 245 1# - ΤΙΤΛΟΣ ΚΑΙ ΔΗΛΩΣΗ ΥΠΕΥΘΥΝΟΤΗΤΑΣ | |
| Τίτλος | Supporting Creativity and Imagination in the Early Years / Second Edition |
| 250 ## - EDITION STATEMENT | |
| Edition statement | 2nd |
| 260 ## - PUBLICATION, DISTRIBUTION, ETC. | |
| Name of publisher, distributor, etc. | Open University Press, |
| Date of publication, distribution, etc. | 2010 |
| 300 ## - PHYSICAL DESCRIPTION | |
| Extent | 190 |
| 520 ## - SUMMARY, ETC. | |
| Summary, etc. | This book considers creativity and imagination in the light of contemporary initiatives such as Every Child Matters, Bird to Three Matters, Sure Start and the Foundation Stage curriculum. Acknowledgements, Introduction, What are Creativity and Imagination and Why are They Important?, The Importance of Creativity and Imagination, Defining Creativity and Imagination, The Creative Process, How Do Creativity and Imagination Develop?, Child Developments and Creativity and Imagination from Birth to 6 Years, Creativity Across the Curriculum, The Contribution of the Arts to Learning, The Development of the Visual and Performing Arts, Theory into Practice, The Role of the Adult, The Organization of Space and Time and Social Contexts, Extending the Race of Experiences, Planning and Implementing and Observing and Recording and Assessing, Conclusion, Bibliography, Index. |
| 700 1# - ΠΡΟΣΘΕΤΗ ΑΝΑΓΡΑΦΗ--ΦΥΣΙΚΟ ΠΡΟΣΩΠΟ | |
| Personal name | Duffy, Bernadette |
| 9 (RLIN) | 2884 |
| 942 ## - ADDED ENTRY ELEMENTS (KOHA) | |
| Koha item type | Books |
| Τύπος τεκμηρίου | Βιβλιοθήκη | Τρέχουσα τοποθεσία | Barcode | Αριθμός εισαγωγής | Ημερομηνία απόκτησης | Ταξιθετικό σύμβολο | Αριθμός αντιτύπου | Κατάσταση απόσυρσης | Κατάσταση χαμένου | Κατάσταση κατεστραμμένου | Μη δανεισμός | Σύνολο δανεισμών | Ημερομηνία τελευταίας εμφάνισης | Η τιμή ισχύει από |
|---|---|---|---|---|---|---|---|---|---|---|---|---|---|---|
| Books | MC Athens Campus Library | MC Athens Campus Library | 9780000044808 | 5199 | 05/06/2025 | 370.157 DUF | 1 | 05/06/2025 | 05/06/2025 |